000 01191nam a2200325 i 4500
001 000035780
003 DO-SdBNP
005 20250401135741.0
007 ta
008 111110s2010 dr ac 001 0dspa d
020 _a9789945408553
040 _aDO-SdBNP
_bspa
_cBNPHU
_erda
082 4 _a781.63
_bC436p
_222
100 1 _aChaljub Mejía, Rafael
_d1942-
_eautor
_918985
245 1 0 _aPor los caminos del merengue /
_cRafael Chaljub Mejía ; prólogo, Américo Mejía.
264 1 _aSanto Domingo :
_bFundación V República,
_c2010.
300 _a290 páginas :
_bilustraciones, retratos ;
_c24 cm.
336 _2rdacontent
_atexto
_btxt
337 _2rdamedia
_asin mediación
_bn
338 _2rdacarrier
_avolumen
_bnc
500 _aIncluye datos biográficos del autor en la solapa de la cubierta.
500 _aIncluye índice onomástico.
590 _aInventariado, 2018/LP
650 4 _aMúsica bailable dominicana
_91103
650 4 _aMerengue (música)
_xHistoria
_zRepública Dominicana
_916088
650 4 _aMúsica popular
_zRepública Dominicana
_91323
700 1 _aMejía, Américo,
_eprólogo
_961724
910 _aValidado. Control de calidad EMS
942 _2ddc
_cLBS1
999 _c35271
_d35271